[Event "South Wales op 17th"]
[Site "Bridgend"]
[Date "2022.07.11"]
[Round "8"]
[White "Williams, Ron"]
[Black "Emblem, Mark"]
[Result "1-0"]
[WhiteElo "1589"]
[BlackElo "1437"]
[PlyCount "78"]
[EventDate "2022.07.07"]
[EventType "swiss"]
[EventRounds "9"]
[EventCountry "WLS"]
[SourceTitle "CBM 209 Extra"]
[Source "ChessBase"]
[SourceDate "2022.09.30"]
[SourceVersion "1"]
[SourceVersionDate "2022.09.30"]
[SourceQuality "1"]

1. f4 d5 2. Nf3 c5 3. e3 g6 4. Be2 Bg7 5. d3 Nf6 6. 0-0 0-0 7. Nc3 Nc6 8. e4 dxe4 9. dxe4 e5 10. fxe5 Ng4 11. Bf4 Ngxe5 12. Nxe5 Nxe5 13. Nd5 Be6 14. c3 f5 15. Bxe5 Bxe5 16. Nf4 Bxf4 17. Rxf4 Qc7 18. Qd2 Rad8 19. Qe3 Qb6 20. b4 Rc8 21. exf5 Bxf5 22. Bc4+ Kh8 23. Qe5+ Qf6 24. Qxf6+ Rxf6 25. g4 Bd3 26. Rxf6 Bxc4 27. a3 a6 28. Rc1 Bb5 29. Re1 Kg7 30. Rf3 Kg8 31. g5 Kg7 32. Re7+ Kg8 33. Rff7 Bc6 34. Rg7+ Kf8 35. Rxh7 Kg8 36. Rhg7+ Kh8 37. Rh7+ Kg8 38. Reg7+ Kf8 39. Rxg6 Re8 1-0

[Event "South Wales op 17th"]
[Site "Bridgend"]
[Date "2022.07.10"]
[Round "6"]
[White "Khan, Mohammed"]
[Black "Williams, Ron"]
[Result "1-0"]
[WhiteElo "2035"]
[BlackElo "1589"]
[PlyCount "69"]
[EventDate "2022.07.07"]
[EventType "swiss"]
[EventRounds "9"]
[EventCountry "WLS"]
[SourceTitle "CBM 209 Extra"]
[Source "ChessBase"]
[SourceDate "2022.09.30"]
[SourceVersion "1"]
[SourceVersionDate "2022.09.30"]
[SourceQuality "1"]

1. e4 d6 2. d4 Nf6 3. Nc3 Nbd7 4. Nf3 e5 5. Bc4 Be7 6. h3 h6 7. 0-0 c6 8. a4 Qc7 9. d5 g5 10. Qd3 Nf8 11. dxc6 bxc6 12. b4 a6 13. Be3 Ng6 14. a5 g4 15. Bb6 Qd7 16. hxg4 Nf4 17. Qe3 Qxg4 18. Ne1 Nxg2 19. Nxg2 Rg8 20. Qg3 Qh5 21. Be2 Bg4 22. Bxg4 Nxg4 23. f3 Nf6 24. Qh2 Qg6 25. Rf2 Nh5 26. Ne2 Bg5 27. Kh1 Nf4 28. Nexf4 exf4 29. Rg1 Qf6 30. Nxf4 Ke7 31. Nd3 Qe6 32. e5 dxe5 33. Qxe5 Qxe5 34. Nxe5 Rac8 35. Re1 1-0

[Event "South Wales Autumn Premier"]
[Site "Newport"]
[Date "2019.11.17"]
[Round "5"]
[White "Williams, Ron"]
[Black "Wu, Yuxuan1111"]
[Result "1/2-1/2"]
[WhiteElo "1630"]
[BlackElo "1312"]
[PlyCount "56"]
[EventDate "2019.11.15"]
[EventType "swiss"]
[EventRounds "5"]
[EventCountry "WLS"]
[SourceTitle "EXT 2022"]
[Source "ChessBase"]
[SourceDate "2021.10.06"]
[SourceVersion "1"]
[SourceVersionDate "2021.10.06"]
[SourceQuality "1"]

1. d4 Nf6 2. Bf4 g6 3. Nc3 Bg7 4. e4 d6 5. Qd2 0-0 6. 0-0-0 Nbd7 7. Nf3 c6 8. Bh6 Ng4 9. Bxg7 Kxg7 10. h3 Ngf6 11. e5 Ne8 12. h4 h5 13. Ng5 Nb6 14. Bd3 d5 15. Qe3 Nc7 16. f3 Ne6 17. g4 Rh8 18. Rdg1 Nc4 19. Bxc4 dxc4 20. Nxe6+ Bxe6 21. g5 a5 22. Rh2 a4 23. a3 Qc7 24. Na2 Rhd8 25. c3 b6 26. Rd2 c5 27. Rgd1 cxd4 28. Rxd4 Rxd4 1/2-1/2

[Event "South Wales Autumn Premier"]
[Site "Newport"]
[Date "2018.11.17"]
[Round "2"]
[White "Williams, Ron"]
[Black "Smith, George1111"]
[Result "0-1"]
[WhiteElo "1683"]
[BlackElo "1496"]
[PlyCount "76"]
[EventDate "2018.11.16"]
[EventType "swiss"]
[EventRounds "5"]
[EventCountry "WLS"]
[SourceTitle "EXT 2020"]
[Source "ChessBase"]
[SourceDate "2019.10.17"]
[SourceVersion "1"]
[SourceVersionDate "2019.10.17"]
[SourceQuality "1"]

1. d4 d5 2. Bf4 c6 3. c3 e6 4. e3 Nd7 5. Nf3 f5 6. Nbd2 Ngf6 7. Be2 Be7 8. Ne5 0-0 9. h3 c5 10. g4 cxd4 11. exd4 Ne4 12. Nxe4 dxe4 13. Qd2 Bh4 14. 0-0-0 Nxe5 15. Bxe5 Bxf2 16. Bc4 e3 17. Qd3 f4 18. h4 f3 19. Qe4 Bxh4 20. Bg3 e2 21. Bxh4 exd1Q+ 22. Kxd1 Qd7 23. Be7 Qxe7 24. Qxh7+ Kf7 25. Qh5+ g6 26. Qh7+ Ke8 27. Qxg6+ Qf7 28. Qe4 a6 29. Rh7 Qf4 30. Qg6+ Kd8 31. Qg7 Qf6 32. Qc7+ Ke8 33. Rg7 f2 34. Bf1 Qf3+ 35. Kc2 Qf6 36. Bd3 b5 37. Bg6+ Qxg6+ 38. Rxg6 f1Q 0-1

[Event "South Wales op 15th"]
[Site "Cardiff"]
[Date "2018.07.12"]
[Round "9"]
[White "Turner, Joseph David"]
[Black "Williams, Ron"]
[Result "1/2-1/2"]
[WhiteElo "1885"]
[BlackElo "1681"]
[PlyCount "32"]
[EventDate "2018.07.07"]
[EventType "swiss"]
[EventRounds "9"]
[EventCountry "WLS"]
[SourceTitle "EXT 2019"]
[Source "ChessBase"]
[SourceDate "2018.10.10"]
[SourceVersion "1"]
[SourceVersionDate "2018.10.10"]
[SourceQuality "1"]

1. e4 d6 2. d4 Nf6 3. Nc3 Nbd7 4. Nf3 e5 5. Bc4 Be7 6. Ng5 0-0 7. Bxf7+ Rxf7 8. Ne6 Qe8 9. Nxc7 Qd8 10. Nxa8 b6 11. d5 Ba6 12. Nxb6 Qxb6 13. Rb1 Ng4 14. Qxg4 Qxf2+ 15. Kd1 Qd4+ 16. Ke1 Qf2+ 1/2-1/2

[Event "South Wales op 15th"]
[Site "Cardiff"]
[Date "2018.07.09"]
[Round "4"]
[White "Fathallah, Joe"]
[Black "Williams, Ron"]
[Result "1/2-1/2"]
[WhiteElo "1990"]
[BlackElo "1681"]
[PlyCount "170"]
[EventDate "2018.07.07"]
[EventType "swiss"]
[EventRounds "9"]
[EventCountry "WLS"]
[SourceTitle "EXT 2019"]
[Source "ChessBase"]
[SourceDate "2018.10.10"]
[SourceVersion "1"]
[SourceVersionDate "2018.10.10"]
[SourceQuality "1"]

1. d4 e6 2. c4 f5 3. Nc3 Nf6 4. Nf3 Be7 5. g3 0-0 6. Bg2 d6 7. 0-0 Ne4 8. Qc2 Nxc3 9. Qxc3 Qe8 10. Bg5 Bxg5 11. Nxg5 h6 12. Nh3 e5 13. dxe5 dxe5 14. f4 e4 15. Nf2 Nc6 16. Nd1 Be6 17. Ne3 Rd8 18. Rfd1 Qf7 19. b3 Ne7 20. Rxd8 Rxd8 21. Rd1 Rxd1+ 22. Nxd1 Nc6 23. Qd2 Qd7 24. Qxd7 Bxd7 25. g4 g6 26. Ne3 Ne7 27. Kf2 Kf7 28. gxf5 gxf5 29. Kg3 Kf6 30. Nd1 c5 31. Nc3 Bc6 32. e3 Kg6 33. Bf1 Kf6 34. Be2 Be8 35. a3 b6 36. Bd1 Ke6 37. Kf2 Kf6 38. Ke1 Ke6 39. Kd2 Kf6 40. b4 cxb4 41. axb4 Bf7 42. c5 bxc5 43. bxc5 Bc4 44. Ba4 Ke6 45. Be8 a6 46. Ba4 Kf6 47. Bd7 Be6 48. Be8 Bc4 49. Kc2 Ke6 50. Na4 Bb5 51. Bxb5 axb5 52. Nc3 Nd5 53. Nxb5 Nxe3+ 54. Kd2 Ng2 55. Nd4+ Kd5 56. Nxf5 Kxc5 57. Nxh6 e3+ 58. Kd3 Nxf4+ 59. Kxe3 Ne6 60. Ke4 Kd6 61. Nf5+ Kd7 62. Ke5 Ng5 63. Nd4 Nh3 64. Nf5 Ke8 65. Kf6 Kf8 66. Nh6 Ke8 67. Kf5 Kf8 68. Kg4 Nf2+ 69. Kg3 Ne4+ 70. Kf4 Nd6 71. h4 Kg7 72. Ng4 Nf7 73. h5 Nh6 74. Nf2 Nf7 75. Nd3 Kh6 76. Kg4 Nd6 77. Ne5 Kh7 78. Kh4 Kh6 79. Ng4+ Kh7 80. Kg5 Ne4+ 81. Kf4 Nd6 82. Ke5 Ne8 83. h6 Nc7 84. Kf6 Nd5+ 85. Kf5 Ne3+ 1/2-1/2

[Event "South Wales op 12th"]
[Site "Cardiff"]
[Date "2015.07.11"]
[Round "1"]
[White "Williams, Ron"]
[Black "Rudd, Jack"]
[Result "0-1"]
[WhiteElo "1734"]
[BlackElo "2247"]
[PlyCount "38"]
[EventDate "2015.07.11"]
[EventType "swiss"]
[EventRounds "10"]
[EventCountry "WLS"]
[SourceTitle "EXT 2016"]
[Source "ChessBase"]
[SourceDate "2015.10.08"]
[SourceVersion "1"]
[SourceVersionDate "2015.10.08"]
[SourceQuality "1"]

1. b3 e5 2. Bb2 Nc6 3. e3 d5 4. Bb5 Bd6 5. Nf3 f6 6. d3 Bd7 7. Nbd2 Nge7 8. c4 a6 9. Ba4 b5 10. cxb5 Nb4 11. Qb1 axb5 12. a3 Na6 13. Bxb5 Bxb5 14. b4 c5 15. a4 Bxd3 16. Qxd3 Nxb4 17. Qb5+ Qd7 18. Ke2 Nec6 19. a5 e4 0-1

[Event "South Wales op 11th"]
[Site "Cardiff"]
[Date "2014.08.25"]
[Round "2"]
[White "Williams, Ron"]
[Black "Rovaretti, David"]
[Result "1/2-1/2"]
[WhiteElo "1750"]
[BlackElo "1483"]
[PlyCount "100"]
[EventDate "2014.08.25"]
[EventType "swiss"]
[EventRounds "9"]
[EventCountry "WLS"]
[SourceTitle "CBM 162 Extra"]
[Source "ChessBase"]
[SourceDate "2014.10.17"]
[SourceVersion "1"]
[SourceVersionDate "2014.10.17"]
[SourceQuality "1"]

1. d4 Nf6 2. c4 c6 3. Nc3 d5 4. Bf4 Bf5 5. Nf3 e6 6. e3 h6 7. Ne5 Nbd7 8. g4 Be4 9. f3 Bg6 10. Nxg6 fxg6 11. h4 Be7 12. Qc2 Nf8 13. Bd3 Nxg4 14. Bxg6+ Kd7 15. cxd5 Bxh4+ 16. Kf1 Nxe3+ 17. Bxe3 Qf6 18. dxe6+ Nxe6 19. Qe4 Bg5 20. Re1 Bxe3 21. Rxe3 Ng5 22. Qf5+ Qxf5 23. Bxf5+ Kd6 24. Kg2 Rhe8 25. Rhe1 Rxe3 26. Rxe3 Rf8 27. Bg6 Rf6 28. Ne4+ Nxe4 29. Bxe4 g5 30. Ra3 a6 31. Ra5 Kc7 32. Rf5 Rd6 33. d5 c5 34. Rf7+ Rd7 35. Rxd7+ Kxd7 36. Bg6 b5 37. Kg3 Kd6 38. Kg4 Kxd5 39. Kh5 Ke5 40. Kxh6 Kf4 41. Be4 g4 42. fxg4 Kxg4 43. Bb7 a5 44. Kg6 Kf4 45. Kf6 b4 46. Bd5 Ke3 47. Ke5 Kd3 48. Be4+ Kd2 49. Kd5 Kc1 50. Kxc5 Kxb2 1/2-1/2

[Event "South Wales op 9th"]
[Site "Penarth"]
[Date "2012.07.12"]
[Round "8"]
[White "Elwin, Adrian G"]
[Black "Williams, Ron"]
[Result "1-0"]
[WhiteElo "1985"]
[BlackElo "1819"]
[PlyCount "55"]
[EventDate "2012.07.08"]
[EventType "swiss"]
[EventRounds "9"]
[EventCountry "WLS"]
[SourceTitle "CBM 149 Extra"]
[Source "ChessBase"]
[SourceDate "2012.08.24"]
[SourceVersion "1"]
[SourceVersionDate "2012.08.24"]
[SourceQuality "1"]

1. d4 e6 2. c4 f5 3. e4 fxe4 4. f3 Nf6 5. Nc3 exf3 6. Nxf3 Be7 7. Bd3 Nc6 8. 0-0 0-0 9. a3 a5 10. Bg5 h6 11. Bh4 d6 12. Qe2 e5 13. dxe5 dxe5 14. Rad1 Nd4 15. Qxe5 Nxf3+ 16. Rxf3 Bg4 17. Bh7+ Nxh7 18. Rxd8 Bxd8 19. Rxf8+ Nxf8 20. Bg3 Bf6 21. Qd5+ Kh8 22. Bxc7 Re8 23. h3 Be6 24. Qb5 Bf7 25. Nd5 Bd4+ 26. Kf1 Bg6 27. Nf4 Be4 28. Qxe8 1-0

[Event "South Wales op 8th"]
[Site "Penarth"]
[Date "2011.07.11"]
[Round "4"]
[White "Sigurdsson, Birkir Karl"]
[Black "Williams, Ron"]
[Result "1/2-1/2"]
[WhiteElo "1546"]
[BlackElo "1876"]
[PlyCount "44"]
[EventDate "2011.07.09"]
[EventType "swiss"]
[EventRounds "9"]
[EventCountry "WLS"]
[SourceTitle "CBM 143 Extra"]
[Source "ChessBase"]
[SourceDate "2011.08.29"]
[SourceVersion "1"]
[SourceVersionDate "2011.08.29"]
[SourceQuality "1"]

1. d4 e6 2. c4 f5 3. g3 Nf6 4. Bg2 Be7 5. Nh3 d6 6. Nc3 c6 7. 0-0 0-0 8. Re1 Nbd7 9. e4 fxe4 10. Nxe4 Nxe4 11. Bxe4 Nf6 12. Nf4 e5 13. dxe5 dxe5 14. Qxd8 Rxd8 15. Bc2 Bd6 16. Ne2 Bg4 17. Bg5 h6 18. Be3 Be6 19. c5 Bc7 20. a3 Ng4 21. Bc1 Rf8 22. f4 exf4 1/2-1/2

[Event "South Wales op 8th"]
[Site "Penarth"]
[Date "2011.07.09"]
[Round "1"]
[White "Williams, Ron"]
[Black "Einarsson, Oskar Long"]
[Result "1-0"]
[WhiteElo "1876"]
[BlackElo "1743"]
[PlyCount "35"]
[EventDate "2011.07.09"]
[EventType "swiss"]
[EventRounds "9"]
[EventCountry "WLS"]
[SourceTitle "CBM 143 Extra"]
[Source "ChessBase"]
[SourceDate "2011.08.29"]
[SourceVersion "1"]
[SourceVersionDate "2011.08.29"]
[SourceQuality "1"]

1. d4 Nf6 2. c4 g6 3. Nc3 Bg7 4. e4 d6 5. Nge2 0-0 6. Ng3 b6 7. Be2 Bb7 8. h4 Nfd7 9. h5 c5 10. d5 Bxc3+ 11. bxc3 Ba6 12. Bh6 Re8 13. hxg6 fxg6 14. Bg4 Nf8 15. Bxf8 Rxf8 16. Be6+ Kg7 17. Qd2 Rh8 18. Qh6+ 1-0